Normal view
MARC view
Entry Personal Name
001 - CONTROL NUMBER
- control field: 1795
003 - CONTROL NUMBER IDENTIFIER
- control field: OSt
005 - DATE AND TIME OF LATEST TRANSACTION
- control field: 20110426133616.0
008 - FIXED-LENGTH DATA ELEMENTS
- fixed length control field: 110426|||a|||||| | ||| d
040 ## - CATALOGING SOURCE
- Original cataloging agency: OSt
- Transcribing agency: OSt
100 ## - HEADING--PERSONAL NAME
- Personal name: Cross, Rupert,
- Titles and other words associated with a name: Sir,
- Dates associated with a name: 1912-1980.
- Title of a work: Evidence.
670 ## - SOURCE DATA FOUND
- Source citation: Work cat.: (OSt)0: Tapper, Colin. 1792, Cross and Tapper on evidence /, c2007.
